000 00190 a2200097 4500
041 _aspa
100 _aYoshikawa, Sachiko
245 _aNo T. Rex in the library
942 _cBK
952 _71
999 _c20535
_d20535